The United States Constitution / (Record no. 4685)

MARC details
000 -LEADER
fixed length control field 01075cam a2200301 a 4500
001 - CONTROL NUMBER
control field 4685
003 - CONTROL NUMBER IDENTIFIER
control field FISKH
005 - DATE AND TIME OF LATEST TRANSACTION
control field 20240923090512.0
008 - FIXED-LENGTH DATA ELEMENTS--GENERAL INFORMATION
fixed length control field 010530s2002 mnua c b 001 0 eng
010 ## - LIBRARY OF CONGRESS CONTROL NUMBER
LC control number 2001003229
020 ## - INTERNATIONAL STANDARD BOOK NUMBER
International Standard Book Number 0736810943
020 ## - INTERNATIONAL STANDARD BOOK NUMBER
International Standard Book Number 9780736844956
040 ## - CATALOGING SOURCE
Original cataloging agency DLC
Transcribing agency DLC
Modifying agency DLC
Language of cataloging eng
050 ## - LIBRARY OF CONGRESS CALL NUMBER
Classification number KF4541.Z9
082 ## - DEWEY DECIMAL CLASSIFICATION NUMBER
Classification number 342.73
100 1# - MAIN ENTRY--PERSONAL NAME
Personal name Leebrick, Kristal,
Dates associated with a name 1958-
245 14 - TITLE STATEMENT
Title The United States Constitution /
Statement of responsibility, etc. by Kristal Leebrick.
260 ## - PUBLICATION, DISTRIBUTION, ETC.
Place of publication, distribution, etc. Minnesota :
Name of publisher, distributor, etc. Capstone Publishing,
Date of publication, distribution, etc. 2002.
300 ## - PHYSICAL DESCRIPTION
Extent 48 pages :
Other physical details color illustrations ;
Dimensions 23 cm
440 #0 - SERIES STATEMENT/ADDED ENTRY--TITLE
Title Let freedom ring
504 ## - BIBLIOGRAPHY, ETC. NOTE
Bibliography, etc. note Includes bibliographical references (p. 45) and index.
520 ## - SUMMARY, ETC.
Summary, etc. Discusses how and why the United States Constitution was created; includes the difficulties with ratification by the states; and explains the Bill of Rights.
650 #0 - SUBJECT ADDED ENTRY--TOPICAL TERM
Topical term or geographic name entry element Constitutional history
Geographic subdivision United States
Form subdivision Juvenile literature.
650 #1 - SUBJECT ADDED ENTRY--TOPICAL TERM
Topical term or geographic name entry element Constitutional history.
906 ## - LOCAL DATA ELEMENT F, LDF (RLIN)
a 7
b cbc
c orignew
d 1
e ecip
f 20
g y-gencatlg
942 ## - ADDED ENTRY ELEMENTS (KOHA)
Source of classification or shelving scheme Dewey Decimal Classification
Koha item type Books
Suppress in OPAC No
Holdings
Withdrawn status Lost status Source of classification or shelving scheme Damaged status Not for loan Collection Home library Current library Shelving location Date acquired Total Checkouts Full call number Barcode Date last seen Price effective from Koha item type
    Dewey Decimal Classification     Non-Fiction Footprints International School Library Network Toul Kork Campus Footprints International School Library Network Toul Kork Campus A TK Campus, 4th Floor, Room B401, Non-Fiction Bookcases(7-8) 09/20/2024   LEE 342.73 KF4541.Z9 FISTK02054 09/20/2024 09/20/2024 Books